Porovnanie vplyvu separačných podmienok GC×GC pri analýze prchavých organických zlúčenín
Salvato in:
| Autore principale: | |
|---|---|
| Altri autori: | |
| Natura: | Manoscritto Libro |
| Lingua: | slovacco |
| Pubblicazione: |
2025
|
| Soggetti: | |
| Accesso online: | http://is.stuba.sk/zp/portal_zp.pl?podrobnosti=184871 |
| Tags: |
Nessun Tag, puoi essere il primo ad aggiungerne!!
|
MARC
| LEADER | 00000ntm a22000003a 4500 | ||
|---|---|---|---|
| 001 | stuzp105257 | ||
| 003 | SK-STU | ||
| 005 | 20250607211359.0 | ||
| 007 | ta | ||
| 008 | 150427s2015----xo-----f-mn---000-0-slo-d | ||
| 040 | |a STU |b slo | ||
| 041 | 0 | |a slo | |
| 100 | 1 | |a Dugovič, František |u 041000 |4 aut |U FCHPT Fakulta chemickej a potravinárskej technológie |T FCHPT Ústav analytickej chémie |X 97459 |U C1000 |Y 99 |7 97459 | |
| 242 | 0 | 1 | |a Optimisation of experimental conditions for GC×GC analysis of volatile organic compounds |y eng |
| 245 | 1 | 0 | |a Porovnanie vplyvu separačných podmienok GC×GC pri analýze prchavých organických zlúčenín |
| 260 | |c 2025 | ||
| 650 | 4 | |a volatile organic compounds |2 eng | |
| 650 | 4 | |a flow modulator |2 eng | |
| 650 | 4 | |a cryogenic modulator |2 eng | |
| 650 | 4 | |a two-dimensional gas chromatography |2 eng | |
| 650 | 4 | |a kryogénny modulátor |2 slo | |
| 650 | 4 | |a prchavé organické zlúčeniny |2 slo | |
| 650 | 4 | |a prietokový modulátor |2 slo | |
| 650 | 4 | |a dvojdimenzionálna plynová chromatografia |2 slo | |
| 700 | 1 | |a Vyviurska, Olga |u 041000 |k Z1 |4 ths |U FCHPT Fakulta chemickej a potravinárskej technológie |T FCHPT Ústav analytickej chémie |X 45099 |U C1000 |Y 99 |7 A0000045099 | |
| 856 | 4 | |u http://is.stuba.sk/zp/portal_zp.pl?podrobnosti=184871 | |